| 000 | 01455cam a22002891i 4500 | ||
|---|---|---|---|
| 003 | SA-RiAUC | ||
| 005 | 20250930121452.0 | ||
| 008 | 250926s1987 le g b 00000bara c | ||
| 040 |
_aSA-RiKSU _bara _cSA-RiAUC _erda |
||
| 082 | 0 | 4 |
_a239.9 _qSA-RiAUC |
| 090 |
_a239.9 _bا ب ن ج |
||
| 100 | 1 |
_aابن الجوزي، عبد الرحمن بن علي بن محمد، _d508-597 هجري _eمؤلف. |
|
| 245 | 1 | 0 |
_aمناقب أمير المؤمنين عمر بن الخطاب / _cتأليف أبي الفرج بن الجوزي ؛ تحقيق زينب إبراهيم القاروط. |
| 250 | _aالطبعة الثالثة. | ||
| 264 | 1 |
_aبيروت : _bدار الكتب العلمية، _c1987 |
|
| 300 |
_aأ-و، 269 صفحة ؛ _c24 سم |
||
| 336 |
_aنص _btxt _2rdacontent _3كتاب |
||
| 337 |
_aبدون وسيط _bn _2rdamedia |
||
| 338 |
_aمجلد _bnc _2rdacarrier |
||
| 504 | _aببليوجرافية : صفحة 261-269. | ||
| 600 | 0 | 7 |
_aعمر بن الخطاب بن نفيل القرشي، _d40 قبل الهجرة-23 هجري _2aucnm |
| 650 | 7 |
_aالخلفاء الراشدون _vتراجم _2aucsh |
|
| 700 | 1 | 2 |
_iتحقيق لـ (عمل) : _aابن الجوزي، عبد الرحمن بن علي بن محمد، _d508-597 هجري. _tمناقب أمير المؤمنين عمر بن الخطاب |
| 700 | 1 |
_aالقاروط، زينب إبراهيم _eمحقق. |
|
| 942 |
_2ddc _cBOOK _n0 |
||
| 949 |
_aSA-JeALM _d250926 _umohamedma123 _n1 |
||
| 999 |
_c12238 _d12238 |
||